A proclamation, reviving the laws anent hunting, hawking, fishing, : and appointing masters of the game.

Bibliographic Details
Corporate Authors: Scotland. Privy Council, Scotland. Sovereign (1649-1685 : Charles II)
Format: eBook
Language:English
Published: Edinburgh : Printed by the heir of Andrew Anderson, Printer to his most sacred Majesty, 1682.
Series:Early English books online.
Subjects:
Online Access:Connect to the full text of this electronic book

MARC

Tag First Indicator Second Indicator Subfields
LEADER 00000nam a2200000Ia 4500
001 in00004330786
005 20200812091307.0
006 m g d
007 cr bn |||a|bb|
008 030715s1682 stk o 000 0 eng d
035 |a (OCoLC)52612342 
040 |a EAE  |c EAE  |e dcrb 
037 |a CL0037000121  |b ProQuest Information and Learning. 300 N. Zeeb Rd., Ann Arbor, MI 48106 
043 |a e-uk-st 
090 |a KDC584.5  |b .A33 1682 
049 |a UMIA 
110 1 |a Scotland.  |b Privy Council. 
245 1 2 |a A proclamation, reviving the laws anent hunting, hawking, fishing, :  |b and appointing masters of the game. 
260 |a Edinburgh :  |b Printed by the heir of Andrew Anderson, Printer to his most sacred Majesty,  |c 1682. 
300 |a 1 online resource (1 sheet ([2] pages) 
336 |a text  |b txt  |2 rdacontent 
337 |a computer  |b c  |2 rdamedia 
338 |a online resource  |b cr  |2 rdacarrier 
500 |a Caption title. 
500 |a Royal arms at head of text; initial letter. 
500 |a Intentional blank spaces in text. 
500 |a Dated at end: Given under Our Signet at Edinburgh, the ninth day of June, one thousand six hundred eighty two years, and of Our Reign, the thirtieth and fourth year. 
500 |a Signed: Pat. Menzies, Cl. Sti. Concilij. 
500 |a Imperfect: creased and stained with some loss of text. 
500 |a Reproduction of the original in the National Library of Scotland. 
510 4 |a Wing (2nd edition)  |c S1988 
533 |a Electronic reproduction.  |b Ann Arbor, Mich. :  |c UMI,  |d 1999-  |f (Early English books online)  |n Digital version of: (Early English Books, 1641-1700 ; 2794:40)  |7 s1999 miun s 
650 0 |a Game laws  |z Scotland  |v Early works to 1800. 
655 7 |a Broadsides  |z Scotland  |y 17th century.  |2 rbgenr 
710 1 |a Scotland.  |b Sovereign (1649-1685 : Charles II) 
830 0 |a Early English books online. 
856 4 0 |u http://proxy.library.tamu.edu/login?url=https://search.proquest.com/docview/2240873835  |z Connect to the full text of this electronic book  |t 0 
999 f f |s 0ea5d198-684e-39a1-a6b1-a5498506393a  |i 2c92c584-087a-3197-9a62-15af22565ae9  |t 0 
952 f f |a Texas A&M University  |b College Station  |c Electronic Resources  |d Available Online  |t 0  |e KDC584.5 .A33 1682  |h Library of Congress classification 
998 f f |a KDC584.5 .A33 1682  |t 0  |l Available Online